| 000 | 00938nam a2200193 a 4500 | ||
|---|---|---|---|
| 008 | 090316s2005 ||||||||||||||||| || u | ||
| 020 | _a1904456111 | ||
| 050 | _aAY 40 Wor | ||
| 245 | 0 | 4 | _aThe world guide: a view from the South, 2005/2006.--10th ed. |
| 250 | _a10th ed. | ||
| 260 |
_aOxford. _bNew Internationalist Publications _c2005. |
||
| 300 | _a624p.: ill. | ||
| 350 | _a0.00 | ||
| 500 | _aCover title - The world guide : see the world from a different angle | ||
| 650 | _aALMANACS | ||
| 995 |
_aREFERENCE BOOKS _D0.00 _e739726 _FCBU-MAIN LIBRARY (Kitwe) _H1 _I0.00 _jAY 40 WOR _M2 _UREFERENCE _WMar 24, 2009 _y739726 _ZReference Collection |
||
| 995 |
_aREFERENCE BOOKS _D0.00 _e739727 _FCBU-MAIN LIBRARY (Kitwe) _H1 _I0.00 _jAY 40 WOR _M3 _UREFERENCE _WMar 24, 2009 _y739727 _ZReference Collection |
||
| 995 |
_aREFERENCE BOOKS _D0.00 _e739725 _FCBU-MAIN LIBRARY (Kitwe) _H1 _I0.00 _jAY 40 WOR _M1 _UREFERENCE _WMar 24, 2009 _y739725 _ZReference Collection |
||
| 999 |
_c83244 _d83244 |
||